250 авторов по их произведениям - Statistics

General Stats
  • This quiz has been taken 256 times
  • The average score is 50 of 250
Answer Stats
год написания произведение автор % Correct
1830 Евгений Онегин Александр Пушкин
92%
1595 Ромео и Джульетта Уильям Шекспир
88%
1835 Мёртвые души Николай Гоголь
88%
VIII век до н.э. Илиада Гомер
84%
1866 Преступление и наказание Фёдор Достоевский
84%
1869 Война и мир Лев Толстой
82%
1824 Горе от ума Александр Грибоедов
79%
1839 Герой нашего времени Михаил Лермонтов
78%
1861 Отцы и дети Иван Тургенев
74%
1903 Вишнёвый сад Антон Чехов
72%
1925 Собачье сердце Михаил Булгаков
69%
1321 Божественная комедия Данте Алигьери
65%
1831 Фауст Иоганн Вольфган фон Гёте
60%
1953 Лолита Владимир Набоков
60%
1948 1984 Джордж Оруэлл
57%
1859 Обломов Иван Гончаров
56%
1884 Приключения Гекльберри Финна Марк Твен
55%
1922 Алые паруса Александр Грин
54%
1928 На Западном фронте без перемен Эрих Мария Ремарк
54%
1942 Маленький принц Антуан де Сент-Экзюперри
52%
1719 Робинзон Крузо Даниель Дефо
51%
1909 Мартин Иден Джек Лондон
51%
1953 451 градус по Фаренгейту Рэй Брэдбери
51%
1965 Незнайка на Луне Николай Носов
51%
1956 Судьба человека Михаил Шолохов
50%
1865 Алиса в Стране чудес Льюис Кэрролл
48%
1920 Мы Евгений Замятин
47%
1878 Бесприданница Александр Островский
46%
1615 Дон Кихот Мигель де Сервантес
45%
1767 Жизнь и мнения Тристрама Шенди, джентльмена Лоренс Стерн
45%
1797 Гордость и предубеждение Джейн Остин
45%
1881 Левша Николай Лесков
45%
1987 Мизери Стивен Кинг
45%
1890 Портрет Дориана Грея Оскар Уайльд
44%
1927 Двенадцать стульев Илья Ильф и Евгений Петров
44%
1873 Таинственный остров Жюль Верн
43%
1937 Смерть на Ниле Агата Кристи
43%
1955 Доктор Живаго Борис Пастернак
42%
1955 Властелин колец Джон Рональд Руэл Толкин
41%
1847 Джейн Эйр Шарлотта Бронте
40%
1894 Книга джунглей Редьярд Киплинг
40%
1941 Хождение по мукам Алексей Толстой
40%
1987 Хранители Алан Мур
40%
1869 Человек, который смёется Виктор Гюго
39%
1929 Прощай, оружие! Эрнест Хемингуэй
39%
1987 Норвежский лес Харуки Мураками
38%
1915 Яма Александр Куприн
37%
1516 Утопия Томас Мор
36%
1996 Бойцовский клуб Чак Паланик
36%
1999 Generation "П" Виктор Пелевин
36%
1819 Айвенго Вальтер Скотт
35%
1924 Волшебная гора Томас Манн
34%
1885 Так говорил Заратустра Фридрих Ницше
33%
1915 Процесс Франц Кафка
33%
1915 Флейта-позвоночник Владимир Маяковский
33%
1839 Падение дома Ашеров Эдгар Аллан По
31%
1846 Граф Монте-Кристо Александр Дюма-отец
31%
1926 Зов Ктулху Говард Лавкрафт
31%
1931 Дивный новый мир Олдос Хаксли
31%
1726 Путешествия Гулливера Джонатан Свифт
30%
1847 Грозовой перевал Эмили Бронте
30%
1925 Великий Гэтсби Фрэнсис Скотт Фицджеральд
30%
1951 Над пропастью во ржи Джером Сэлинджер
30%
1968 Мечтают ли андроиды об электроовцах? Филип Дик
30%
1848 Дама с Камелиями Александр Дюма-сын
28%
1924 Митина любовь Иван Бунин
28%
1924 Три Толстяка Юрий Олеша
28%
1895 Война миров Герберт Уэллс
26%
1897 Дракула Брэм Стокер
26%
1951 Приключения Чиполлино Джанни Родари
26%
1959 Цветы для Элджернона Дениэл Киз
26%
1831 Шагреневая кожа Оноре де Бальзак
25%
1912 Финансист Теодор Драйзер
25%
1927 Человек-амфибия Александр Беляев
25%
1869 Маленькие женщины Луиза Мэй Олкотт
24%
1964 Чарли и шоколадная фабрика Роальд Даль
24%
1938 Каменный цветок Павел Бажов
23%
1967 Сто лет одиночества Габриэль Гарсиа Маркес
23%
1969 Обитаемый остров Аркадий и Борис Стругацкие
23%
1816 Щелкунчик и Мышиный король Эрнст Гофман
22%
1885 Странная история доктора Джекилла и мистера Хайда Роберт Льюис Стивенсон
22%
1889 Трое в лодке, не считая собаки Джером К. Джером
22%
1922 Похождения бравого солдата Швейка Ярослав Гашек
22%
406 год до н.э. Царь Эдип Софокл
21%
1351 Декамерон Джованни Боккаччо
20%
1840 Кобзарь Тарас Шевченко
20%
1904 Короли и капуста О. Генри
20%
1930 Котлован Андрей Платонов
20%
1938 Тошнота Жан-Поль Сартр
20%
1954 Повелитель мух Уильям Голдинг
20%
19 год до н.э. Энеида Вергилий
19%
1848 Ярмарка тщеславия Уильям Теккерей
19%
1851 Моби Дик Герман Мелвилл
19%
1963 Реквием Анна Ахматова
19%
1921 Улисс Джеймс Джойс
18%
1970 Москва - Петушки Венедикт Ерофеев
18%
1999 Статский советник Борис Акунин
18%
1564 Гаргантюа и Пантагрюэль Франсуа Рабле
17%
1664 Тартюф Мольер
17%
1849 Дэвид Копперфильд Чарльз Диккенс
17%
1856 Мадам Бовари Гюстав Флобер
17%
1885 Милый друг Ги де Мопассан
17%
1900 Удивительный волшебник страны Оз Фрэнк Баум
17%
1962 Заводной апельсин Энтони Бёрджесс
17%
1758 Кандид Вольтер
16%
1841 Зверобой Фенимор Купер
16%
1912 Пигмалион Бернард Шоу
16%
1915 Бремя страстей человеческих Сомерсет Моэм
16%
1937 О мышах и людях Джон Стейнбек
16%
1940 Посторонний Альбер Камю
16%
1985 Про Федота-стрельца, удалого молодца Леонид Филатов
16%
1927 Степной волк Герман Гессе
15%
1957 Атлант расправил плечи Айн Рэнд
15%
1965 Дюна Фрэнк Герберт
15%
1791 Жюстина маркиз де Сад
14%
1886 Слепой музыкант Владимир Короленко
14%
1927 На маяк Вирджиния Вульф
14%
1932 Путешествие на край ночи Луи-Фердинанд Селин
14%
1968 Аэропорт Артур Хейли
14%
1980 Имя розы Умберто Эко
14%
1881 Пиноккио Карло Колоди
13%
1962 Пролетая над гнездом кукушки Кен Кизи
13%
1963 Коллекционер Джон Фаулз
13%
431 год до н.э. Медея Еврипид
12%
414 год до н.э. Птицы Аристофан
12%
1963 Колыбель для кошки Курт Воннегут
12%
II век Золотой осёл Апулей
11%
1657 Потерянный Рай Джон Мильтон
11%
1838 Пармская обитель Стендаль
11%
1857 Цветы зла Шарль Бодлер
11%
1866 Пер Гюнт Генрик Ибсен
11%
1935 Голубая книга Михаил Зощенко
11%
1971 Страх и отвращение в Лас-Вегасе Хантер Томпсон
11%
1818 Озимандия Перси Биш Шелли
10%
1918 Под сенью девушек в цвету Марсель Пруст
10%
1933 Мы живём, под собою не чуя страны Осип Мандельштам
10%
1936 Война с саламандрами Карел Чапек
10%
1979 Автостопом по галактике Дуглас Адамс
10%
1984 Невыносимая лёгкость бытия Милан Кундера
10%
1602 Город Солнца Томмазо Кампанелла
9%
1902 Мелкий бес Фёдор Сологуб
9%
1902 Питер Пэн в Кенсингтонском саду Джеймс Барри
9%
1908 Ветер в ивах Кеннет Грэм
9%
1945 Основание и Империя Айзек Азимов
9%
1970 Час Быка Иван Ефремов
9%
1374 Триумфы Франческо Петрарка
8%
1869 Венера в мехах Леопольд фон Захер-Мазох
8%
1905 Христос и Антихрист Дмитрий Мережковский
8%
1928 Любовник леди Чаттерлей Дэвид Лоуренс
8%
1929 Шум и ярость Уильям Фолкнер
8%
1934 Тропик Рака Генри Миллер
8%
1946 Пена дней Борис Виан
8%
1954 Оттепель Илья Эренбург
8%
1958 Завтрак у Тиффани Труман Капоте
8%
1962 Женщина в песках Кобо Абэ
8%
1963 Игра в классики Хулио Кортасар
8%
1979 Норма Владимир Сорокин
8%
1800 Мария Стюарт Фридрих Шиллер
7%
1850 Алая буква Натаниэль Готорн
7%
1855 Листья травы Уолт Уитмен
7%
1878 Семья Кайдаша Иван Нечуй-Левицкий
7%
1914 Голем Густав Майринк
7%
1931 Замок Броуди Арчибальд Кронин
7%
1951 День триффидов Джон Уиндем
7%
1992 Бедные-несчастные Аласдер Грей
7%
1996 Бесконечная шутка Дэвид Фостер Уоллес
7%
1819 Рип ван Винкль Вашингтон Ирвинг
6%
1948 Исповедь "неполноценного" человека Осаму Дадзай
6%
1961 Уловка-22 Джозеф Хеллер
6%
1967 Утиная охота Александр Вампилов
6%
1985 Иностранка Сергей Довлатов
6%
1610(?) Цветы сливы в золотой вазе Ланьлинский насмешник
5%
1793 Бракосочетание Рая и Ада Уильям Блейк
5%
1881 Словарь Сатаны Амброз Бирс
5%
1886 Потоп Генрик Сенкевич
5%
1895 Король в жёлтом Роберт Чемберс
5%
1908 Огненный ангел Валерий Брюсов
5%
1920 История доктора Дулиттла Хью Лофтинг
5%
1922 В чаще Рюноскэ Акутагава
5%
1925 Фальшивомонетчики Андре Жид
5%
1927 Смятение чувств Стефан Цвейг
5%
1934 Почтальон всегда звонит дважды Джеймс Кейн
5%
1948 Молодые львы Ирвин Шоу
5%
1949 В ожидании Годо Сэмюэл Беккет
5%
1949 Исповедь маски Юкио Мисима
5%
1951 В дороге Джек Керуак
5%
1981 Дети полуночи Салман Рушди
5%
1986 Форрест Гамп Уинстон Грум
5%
2005 Старикам тут не место Кормак Маккарти
5%
1902 Сердце тьмы Джозеф Конрад
4%
1927 Нефть! Элтон Синклер
4%
1939 Старуха Даниил Хармс
4%
1954 Книга вымышленных существ Хорхе Луис Борхес
4%
1958 Корпорация "Бессмертие" Роберт Шекли
4%
1959 Жестяной барабан Гюнтер Грасс
4%
1962 Иду на грозу Даниил Гранин
4%
1969 Левая рука Тьмы Урсула ле Гуин
4%
1973 Свидание с Рамой Артур Кларк
4%
1975 Факультет ненужных вещей Юрий Домбровский
4%
1984 Осиная фабрика Иэн Бэнкс
4%
1985 Игра Эндера Орсон Скотт Кард
4%
1986 Безумная звезда Терри Пратчетт
4%
1986 Нью-йоркская трилогия Пол Остер
4%
1986 Толстая тетрадь Агота Кристоф
4%
1991 Американский психопат Брет Истон Эллис
4%
2001 Жизнь Пи Янн Мартел
4%
2006 Задача трёх тел Лю Цысинь
4%
1889 Наслаждение Габриеле д'Аннунцио
3%
1929 Дело об отравленных шоколадках Энтони Беркли
3%
1939 Глубокий сон Рэймон Чандлер
3%
1950 Незнакомцы в поезде Патриция Хайсмит
3%
1953 Хорошего человека найти непросто Фланнери О'Коннор
3%
1956 Оглянись во гневе Джон Осборн
3%
1958 Пять вечеров Александр Володин
3%
1966 У меня нет рта, а я должен кричать Харлан Эллисон
3%
1971 Пушкинский дом Андрей Битов
3%
1973 Достаточно времени для любви Роберт Хайнлайн
3%
1973 Радуга тяготения Томас Пинчон
3%
1976 Двери в песке Роджер Желязны
3%
1978 Цементный сад Иэн Макьюэн
3%
1984 Нейромант Уильям Гибсон
3%
1984 Охота за "Красным октябрём" Том Клэнси
3%
1989 Гиперион Дэн Симмонс
3%
1995 Потребитель Майкл Джира
3%
2002 Брошенные машины Джефф Нун
3%
2006 Благоволительницы Джонатан Литтелл
3%
1940 Тьма в полдень Артур Кёстлер
2%
1947 У подножия вулкана Малкольм Лаури
2%
1952 Мост через реку Квай Пьер Буль
2%
1954 Я - легенда Ричард Мэтисон
2%
1960 Гимн Лейбовицу Уолтер Миллер
2%
1967 Ловля форели в Америке Ричард Бротиган
2%
1969 Штамм "Андромеда" Майкл Крайтон
2%
1975 Высотка Джеймс Баллард
2%
1977 Песнь Соломона Тони Моррисон
2%
1980 Альтист Данилов Владимир Орлов
2%
1985 Схизматрица Брюс Стерлинг
2%
1986 Книги крови Клайв Баркер
2%
1991 Маус Арт Шпигельман
2%
1992 Сны Эйнштейна Алан Лайтман
2%
1994 Здесь курят Кристофер Бакли
2%
1998 Элементарные частицы Мишель Уэльбек
2%
1999 Криптономикон Нил Стивенсон
2%
2000 Город грехов Фрэнк Миллер
2%
2001 В финале Джон умрёт Дэвид Вонг
2%
2005 Перебои в смерти Жозе Сарамаго
2%
2008 Младший брат Кори Доктороу
2%
1962 Охотник Дональд Уэстлейк
1%
1974 Дзэн и искусство ухода за мотоциклом Роберт Пирсиг
1%
1980 Сговор остолопов Джон Кеннеди Тул
1%
No matching quizzes found
Score Distribution
Percent of People with Each Score
Percentile by Number Answered
Your Score History
You have not taken this quiz